000 01378cam a22002174a 4500
005 20250605163947.0
008 250528s ||||||||||||||||||||||||d
035 _a15247
020 _a130043915
040 _aGR-AtMCL
_bgre
_dGR-AtMCL
_eAACR2
245 1 _aAccounting for Management Decisions / Second Edition
250 _a2nd
260 _bPrentice Hall,
_c1990
300 _a416
520 _aThis book explains and illustrates the conceptual issues in designing and using useful management accounting systems. Preface, The Role of Management Accounting, Accounting and Decision Making, Wealth and Wealth Maximization in Decision Making, Appendix: Use of Compound Interest Tables, Risk and Uncertainty in Decision Making, Costs and Benefits for Decisions, Cost Behavior and Cost-Volume-Profit Analysis, Cost-Estimation, Pricing Decisions, Short-Term Operating Decisions and Scarce Resources: Linear Programming, Dual Prices and Opportunity Cost, Long-Term Decisions: The Net Present Value Rule, Long-Term Decisions: Internal Rate of Return and Other Methods, The Budgeting Process, The Master Budget and the Cash Budget, Variance Analysis and Standard Costing, Divisional Performance, Summary and Revie, Compounding and Discounting Tables, Index.
700 1 _aArnold John
_9920
700 1 _aHope Tony
_9921
942 _cBK
999 _c840
_d840